000 00567nam a22002297a 4500
003 UA-OsUOA
001 92092
007 ta
008 20121210b un ||||| |||| 00| 0 ukr d
100 _aЯрошинська Є.
090 _a821.161.2
_bЯ76
942 _cBK
040 _aUA-OsUOA
_bukr
_cUA-OsUOA
_dUA-OsUOA
245 _aТвори
300 _a466 с.
955 _a3
041 _aukr
080 _a821.161.2
260 _aК.
_bДніпро
_c1968
650 7 _a82 Література. Літературознавство
_2UDC
999 _c378346
_d378346